000 00316nam a22001457a 4500
008 210520b ||||| |||| 00| 0 eng d
020 _a9780735574557
041 _aeng
080 _24th
_a61
082 _a61
100 _a4
101 _aSHM
245 _aMedical Records Review
_cAppleby,K.S
942 _2udc
_cBK
999 _c57550
_d57550